LEADER 01238cam0 22002771 450 001 SOBE00086251 005 20260330140446.0 100 $a20260330d1987 |||||ita|0103 ba 101 $aita$afre$ager 102 $aIT 200 1 $a<>Francescani in Europa tra Riforma e Controriforma$eatti del 13. Convegno internazionale$eAssisi, 17-18-19 ottobre 1985$fSocieta internazionale di Studi Francescani 210 $aPerugia$cUniversita degli Studi di Perugia$aAssisi$cCentro di studi francescani$d1987 215 $a258 p., [16] p. di tav.$cill.$d23 cm 225 2 $aSISF convegni$v13 410 1$1001SOBE00054203$12001 $a*SISF convegni$v13 500 10$a<>francescani in Europa tra Riforma e Controriforma$3SOBA00037831$9917729 710 02$a*Società internazionale di studi francescani$3A600200043991$4070$0167009 801 0$aIT$bUNISOB$c20260330$gRICA 850 $aUNISOB 852 $aUNISOB$jFondo|Calì$m185359 912 $aSOBE00086251 940 $aM 102 Monografia moderna SBN 941 $aM 957 $aFondo|Calì$b002826$gSI$d185359$n20260725$hCali$rdono$tN$1bethb$2UNISOB$3UNISOB$420260330140406.0$520260330140446.0$6bethb 996 $aFrancescani in Europa tra Riforma e Controriforma$9917729 997 $aUNISOB